Ελληνικό box-office όλων των εποχών - Statistics

General Stats
  • This quiz has been taken 41 times
    7 since last reset
  • The average score is 2 of 30
Answer Stats
ΕΙΣΗΤΗΡΙΑ ΕΤΟΣ ΑΠΑΝΤΗΣΕΙΣ % Correct
1.200.000 1999 Safe Sex
50%
1.300.000 2003 Πολίτικη Κουζίνα
33%
1.230.512 2005 Λούφα και Παραλλαγή: Σειρήνες στο Αιγαίο
17%
845.694 2024 Υπάρχω
17%
751.117 1970 Υπολοχαγός Νατάσσα
17%
668.892 2015 Ένας Άλλος Κόσμος
17%
750.380 1968 Η Αρχόντισα και ο Αλήτης
0%
739.001 1969 Η Δασκάλα με τα Ξανθιά Μαλλιά
0%
710.994 1968 Στα Σύνορα της Προδοσίας
0%
680.000 2004 Νύφες
0%
667.217 2019 Ευτυχία
0%
660.791 1964 Κάτι Να Καίει
0%
659.671 1966 Η Κόρη μου, η Σοσιαλίστρια
0%
652.661 1967 Το Πιο Λαμπρό Αστέρι
0%
640.720 1970 Ορατότης Μηδέν
0%
640.471 1971 Τι Έκανες στον Πόλεμο Θανάση
0%
626.676 1970 Οι Γενναίοι του Βορρά
0%
625.540 1969 Η Νεράιδα και το Παλικάρι
0%
619.236 1965 Κορίτσια για Φίλημα
0%
618.533 1980 Ο Άνθρωπος με το Γαρύφαλλο
0%
617.423 1966 Ραντεβού στον Αέρα
0%
615.483 1968 Μια Κυρία στα Μπουζούκια
0%
602.264 1969 Όχι
0%
596.289 1966 Κοινωνία Ώρα Μηδέν
0%
591.675 1963 Χτυποκάρδια στο Θρανίο
0%
588.101 1966 Το Χώμα Βάφτηκε Κόκκινο
0%
587.323 1966 Τζένη Τζένη
0%
557.302 1964 Το Δόλωμα
0%
554.428 1969 Η Παριζιάνα
0%
767.158 2007 El Greco
0%
No matching quizzes found
Score Distribution
Percent of People with Each Score
Percentile by Number Answered
Your Score History
You have not taken this quiz since the last reset